| 000 | 00482nam a2200157Ia 4500 | ||
|---|---|---|---|
| 008 | 230917s9999||||xx |||||||||||||| ||und|| | ||
| 020 | _cRS250 | ||
| 040 |
_e8975 _aMAIN |
||
| 041 | _aEnglish | ||
| 082 | _a327.51 M474M | ||
| 100 | _aMehra, Parshotam | ||
| 245 | 0 | _aNegotiating with the Chinese 1846-1987: Problems and perspectives (with an epilogue):H K Barpujari endowment lectures | |
| 260 |
_aNew Delhi _bReliance Publishing House _c1989 |
||
| 300 | _axv, 316 p. | ||
| 942 | _cBK | ||
| 999 |
_c70678 _d70678 |
||